Statistics for Biggest cities in Germanic Europe

Click here to take the quiz!

General Stats

  • This quiz has been taken 33 times
  • The average score is 107 of 239

Answer Stats

CountryPopulationCities% Correct
๐Ÿ‡ณ๐Ÿ‡ฑ904,704Amsterdam
100%
๐Ÿ‡ฉ๐Ÿ‡ช3,677,472Berlin
100%
๐Ÿ‡ฌ๐Ÿ‡ง9,088,994London
100%
๐Ÿ‡ฉ๐Ÿ‡ช1,487,708Munich
100%
๐Ÿ‡ณ๐Ÿ‡ด699,827Oslo
100%
๐Ÿ‡ฉ๐Ÿ‡ช1,073,096Cologne
97%
๐Ÿ‡ฉ๐Ÿ‡ช759,224Frankfurt
97%
๐Ÿ‡ฆ๐Ÿ‡น1,931,593Vienna
97%
๐Ÿ‡ฌ๐Ÿ‡ง1,159,888Birmingham
94%
๐Ÿ‡ฉ๐Ÿ‡ฐ1,345,562Copenhagen
94%
๐Ÿ‡ฉ๐Ÿ‡ช619,477Dusseldorf
94%
๐Ÿ‡ฉ๐Ÿ‡ช1,853,935Hamburg
94%
๐Ÿ‡ฌ๐Ÿ‡ง567,334Manchester
94%
๐Ÿ‡ธ๐Ÿ‡ช1,767,108Stockholm
94%
๐Ÿ‡ฉ๐Ÿ‡ช626,275Stuttgart
94%
๐Ÿ‡ฉ๐Ÿ‡ช601,866Leipzig
91%
๐Ÿ‡ฌ๐Ÿ‡ง589,774Liverpool
91%
๐Ÿ‡ฉ๐Ÿ‡ช563,290Bremen
88%
๐Ÿ‡ฎ๐Ÿ‡ช588,233Dublin
88%
๐Ÿ‡ฌ๐Ÿ‡ง632,330Glasgow
88%
๐Ÿ‡ธ๐Ÿ‡ช325,069Malmรถ
88%
๐Ÿ‡ณ๐Ÿ‡ฑ655,473Rotterdam
88%
๐Ÿ‡ฌ๐Ÿ‡ง356,425Cardiff
84%
๐Ÿ‡ฉ๐Ÿ‡ช555,351Dresden
84%
๐Ÿ‡ฌ๐Ÿ‡ง506,560Edinburgh
84%
๐Ÿ‡ฉ๐Ÿ‡ช579,432Essen
84%
๐Ÿ‡ฉ๐Ÿ‡ช535,932Hanover
84%
๐Ÿ‡จ๐Ÿ‡ญ423,044Zรผrich
84%
๐Ÿ‡ง๐Ÿ‡ช530,630Antwerp
81%
๐Ÿ‡ฉ๐Ÿ‡ช510,632Nuremberg
81%
๐Ÿ‡ฌ๐Ÿ‡ง337,210Belfast
78%
๐Ÿ‡ณ๐Ÿ‡ด286,930Bergen
78%
๐Ÿ‡ง๐Ÿ‡ช188,737Brussels
78%
๐Ÿ‡ฉ๐Ÿ‡ช586,852Dortmund
78%
๐Ÿ‡ฌ๐Ÿ‡ง516,298Leeds
78%
๐Ÿ‡ณ๐Ÿ‡ฑ553,039The Hague
78%
๐Ÿ‡ฉ๐Ÿ‡ฐ285,273Aarhus
75%
๐Ÿ‡จ๐Ÿ‡ญ172,942Basel
75%
๐Ÿ‡จ๐Ÿ‡ญ134,243Bern
75%
๐Ÿ‡ธ๐Ÿ‡ช655,429Gothenburg
75%
๐Ÿ‡ฆ๐Ÿ‡น292,630Graz
75%
๐Ÿ‡ฉ๐Ÿ‡ช217,556Mainz
75%
๐Ÿ‡ฌ๐Ÿ‡ง290,688Newcastle
75%
๐Ÿ‡ฉ๐Ÿ‡ช331,885Bonn
72%
๐Ÿ‡ฌ๐Ÿ‡ง580,199Bristol
72%
๐Ÿ‡ฌ๐Ÿ‡ง320,536Nottingham
72%
๐Ÿ‡ณ๐Ÿ‡ด210,496Trondheim
72%
๐Ÿ‡ณ๐Ÿ‡ฑ361,686Utrecht
72%
๐Ÿ‡ฉ๐Ÿ‡ช296,478Augsburg
69%
๐Ÿ‡ง๐Ÿ‡ช265,086Ghent
69%
๐Ÿ‡ฉ๐Ÿ‡ช306,502Karlsruhe
69%
๐Ÿ‡ฉ๐Ÿ‡ช246,243Kiel
69%
๐Ÿ‡ฆ๐Ÿ‡น207,247Linz
69%
๐Ÿ‡ฉ๐Ÿ‡ช311,831Mannheim
69%
๐Ÿ‡ฆ๐Ÿ‡น155,331Salzburg
69%
๐Ÿ‡ฌ๐Ÿ‡ง557,039Sheffield
69%
๐Ÿ‡ฌ๐Ÿ‡ง149,155Cambridge
66%
๐Ÿ‡ฎ๐Ÿ‡ช130,119Cork
66%
๐Ÿ‡ฉ๐Ÿ‡ช495,152Duisburg
66%
๐Ÿ‡ณ๐Ÿ‡ฑ238,305Eindhoven
66%
๐Ÿ‡ฆ๐Ÿ‡น130,585Innsbruck
66%
๐Ÿ‡ฉ๐Ÿ‡ช183,154Potsdam
66%
๐Ÿ‡ฌ๐Ÿ‡ง185,033Swansea
66%
๐Ÿ‡ฉ๐Ÿ‡ช249,070Aachen
63%
๐Ÿ‡ฉ๐Ÿ‡ช334,002Bielefeld
63%
๐Ÿ‡ฉ๐Ÿ‡ช363,441Bochum
63%
๐Ÿ‡ฌ๐Ÿ‡ง472,897Leicester
63%
๐Ÿ‡ฉ๐Ÿ‡ช216,277Lรผbeck
63%
๐Ÿ‡ฑ๐Ÿ‡บ128,494Luxembourg
63%
๐Ÿ‡ฉ๐Ÿ‡ช236,188Magdeburg
63%
๐Ÿ‡ฌ๐Ÿ‡ง161,662Oxford
63%
๐Ÿ‡ฌ๐Ÿ‡ง270,333Southampton
63%
๐Ÿ‡ธ๐Ÿ‡ช168,760Uppsala
63%
๐Ÿ‡ฌ๐Ÿ‡ง198,410Aberdeen
59%
๐Ÿ‡ฌ๐Ÿ‡ง245,504Brighton and Hove
59%
๐Ÿ‡ฉ๐Ÿ‡ช243,105Chemnitz
59%
๐Ÿ‡ฉ๐Ÿ‡ช213,227Erfurt
59%
๐Ÿ‡ฉ๐Ÿ‡ช179,634Saarbrรผcken
59%
๐Ÿ‡ฉ๐Ÿ‡ฐ119,862Aalborg
56%
๐Ÿ‡ฉ๐Ÿ‡ช231,848Freiburg
56%
๐Ÿ‡ณ๐Ÿ‡ฑ121,108Maastricht
56%
๐Ÿ‡ฉ๐Ÿ‡ช317,713Mรผnster
56%
๐Ÿ‡ฌ๐Ÿ‡ง240,297Plymouth
56%
๐Ÿ‡ฌ๐Ÿ‡ง248,748Portsmouth
56%
๐Ÿ‡ฉ๐Ÿ‡ช126,949Ulm
56%
๐Ÿ‡ฉ๐Ÿ‡ช113,173Bremerhaven
53%
๐Ÿ‡ง๐Ÿ‡ช118,509Brugge
53%
๐Ÿ‡ณ๐Ÿ‡ฑ234,977Groningen
53%
๐Ÿ‡ฉ๐Ÿ‡ช159,245Heidelberg
53%
๐Ÿ‡ฉ๐Ÿ‡ฐ180,863Odense
53%
๐Ÿ‡ฎ๐Ÿ‡ธ236,518Reykjavik
53%
๐Ÿ‡ฉ๐Ÿ‡ช208,400Rostock
53%
๐Ÿ‡ฉ๐Ÿ‡ช138,016Ingolstadt
50%
๐Ÿ‡ฉ๐Ÿ‡ช200,406Kassel
50%
๐Ÿ‡ฌ๐Ÿ‡ง287,705Kingston upon Hull
50%
๐Ÿ‡ฉ๐Ÿ‡ช261,001Mรถnchengladbach
50%
๐Ÿ‡ฌ๐Ÿ‡ง199,245Norwich
50%
๐Ÿ‡ฉ๐Ÿ‡ช153,542Regensburg
50%
๐Ÿ‡ณ๐Ÿ‡ด144,699Stavanger
50%
๐Ÿ‡ฌ๐Ÿ‡ง221,754Wolverhampton
50%
๐Ÿ‡ฉ๐Ÿ‡ช354,572Wuppertal
50%
๐Ÿ‡ฉ๐Ÿ‡ช248,823Brunswick
47%
๐Ÿ‡ฌ๐Ÿ‡ง388,793Coventry
47%
๐Ÿ‡ฉ๐Ÿ‡ช260,126Gelsenkirchen
47%
๐Ÿ‡ณ๐Ÿ‡ฑ162,889Haarlem
47%
๐Ÿ‡ฆ๐Ÿ‡น102,618Klagenfurt
47%
๐Ÿ‡ฉ๐Ÿ‡ช113,638Koblenz
47%
๐Ÿ‡ฉ๐Ÿ‡ช165,034Osnabrรผck
47%
๐Ÿ‡ฌ๐Ÿ‡ง164,934York
47%
๐Ÿ‡ฌ๐Ÿ‡ง368,485Bradford
44%
๐Ÿ‡ฉ๐Ÿ‡ช159,631Darmstadt
44%
๐Ÿ‡ฌ๐Ÿ‡ง148,280Dundee
44%
๐Ÿ‡ฉ๐Ÿ‡ช238,061Halle
44%
๐Ÿ‡ฉ๐Ÿ‡ช110,502Jena
44%
๐Ÿ‡ณ๐Ÿ‡ฑ125,100Leiden
44%
๐Ÿ‡ฉ๐Ÿ‡ช163,851Leverkusen
44%
๐Ÿ‡ณ๐Ÿ‡ฑ179,081Nijmegen
44%
๐Ÿ‡ฌ๐Ÿ‡ง230,070Northampton
44%
๐Ÿ‡ณ๐Ÿ‡ฑ156,521's-Hertogenbosch
44%
๐Ÿ‡ฉ๐Ÿ‡ช123,949Wolfsburg
44%
๐Ÿ‡ฉ๐Ÿ‡ช126,933Wรผrzburg
44%
๐Ÿ‡ณ๐Ÿ‡ฑ184,706Breda
41%
๐Ÿ‡ฌ๐Ÿ‡ง147,851Ipswich
41%
๐Ÿ‡ธ๐Ÿ‡ช119,016Linkรถping
41%
๐Ÿ‡ฉ๐Ÿ‡ช172,145Ludwigshafen
41%
๐Ÿ‡ฉ๐Ÿ‡ช208,752Oberhausen
41%
๐Ÿ‡ฉ๐Ÿ‡ช131,295Offenbach
41%
๐Ÿ‡ธ๐Ÿ‡ช126,604ร–rebro
41%
๐Ÿ‡ฉ๐Ÿ‡ช278,950Wiesbaden
41%
๐Ÿ‡ฌ๐Ÿ‡ง145,007Blackpool
38%
๐Ÿ‡ฌ๐Ÿ‡ง198,582Bournemouth
38%
๐Ÿ‡ฉ๐Ÿ‡ช113,292Erlangen
38%
๐Ÿ‡ฌ๐Ÿ‡ง127,709Exeter
38%
๐Ÿ‡ฌ๐Ÿ‡ง148,167Gloucester
38%
๐Ÿ‡ฉ๐Ÿ‡ช125,613Heilbronn
38%
๐Ÿ‡ธ๐Ÿ‡ช101,440Jรถnkรถping
38%
๐Ÿ‡ฌ๐Ÿ‡ง222,043Luton
38%
๐Ÿ‡ฌ๐Ÿ‡ง174,869Sunderland
38%
๐Ÿ‡ณ๐Ÿ‡ฑ224,455Tilburg
38%
๐Ÿ‡ฉ๐Ÿ‡ช110,570Trier
38%
๐Ÿ‡ธ๐Ÿ‡ช128,660Vรคsteras
38%
๐Ÿ‡ณ๐Ÿ‡ฑ217,843Almere
34%
๐Ÿ‡ฉ๐Ÿ‡ช111,645Bergisch Gladbach
34%
๐Ÿ‡ฌ๐Ÿ‡ง264,430Derby
34%
๐Ÿ‡ณ๐Ÿ‡ฑ119,513Dordrecht
34%
๐Ÿ‡ฉ๐Ÿ‡ช170,389Oldenburg
34%
๐Ÿ‡ฉ๐Ÿ‡ช152,531Paderborn
34%
๐Ÿ‡ฌ๐Ÿ‡ง278,365Stoke-on-Trent
34%
๐Ÿ‡ฌ๐Ÿ‡ง101,816Worcester
34%
๐Ÿ‡ฌ๐Ÿ‡ง105,730Bath
31%
๐Ÿ‡ณ๐Ÿ‡ด102,273Drammen
31%
๐Ÿ‡ณ๐Ÿ‡ฑ160,558Enschede
31%
๐Ÿ‡ฉ๐Ÿ‡ช129,122Fรผrth
31%
๐Ÿ‡ฉ๐Ÿ‡ช116,557Gรถttingen
31%
๐Ÿ‡ฉ๐Ÿ‡ช179,238Hamm
31%
๐Ÿ‡ฉ๐Ÿ‡ช227,050Krefeld
31%
๐Ÿ‡ณ๐Ÿ‡ด113,737Kristiansand
31%
๐Ÿ‡ง๐Ÿ‡ช102,236Leuven
31%
๐Ÿ‡ฌ๐Ÿ‡ง107,434Lincoln
31%
๐Ÿ‡ฌ๐Ÿ‡ง177,609Middlesbrough
31%
๐Ÿ‡ฌ๐Ÿ‡ง137,563Newport
31%
๐Ÿ‡ฌ๐Ÿ‡ง159,759Poole
31%
๐Ÿ‡ฌ๐Ÿ‡ง228,471Reading
31%
๐Ÿ‡ฌ๐Ÿ‡ง184,708Southend-on-Sea
31%
๐Ÿ‡ณ๐Ÿ‡ฑ165,586Apeldoorn
28%
๐Ÿ‡ธ๐Ÿ‡ช113,828Helsingborg
28%
๐Ÿ‡ฉ๐Ÿ‡ช156,621Herne
28%
๐Ÿ‡ฉ๐Ÿ‡ช103,725Moers
28%
๐Ÿ‡ฉ๐Ÿ‡ช170,739Mรผlheim
28%
๐Ÿ‡ฌ๐Ÿ‡ง179,349Peterborough
28%
๐Ÿ‡ฉ๐Ÿ‡ช125,529Pforzheim
28%
๐Ÿ‡จ๐Ÿ‡ญ115,109Winterthur
28%
๐Ÿ‡ฌ๐Ÿ‡ง206,385Bolton
25%
๐Ÿ‡ฉ๐Ÿ‡ช117,311Bottrop
25%
๐Ÿ‡ฉ๐Ÿ‡ช188,713Hagen
25%
๐Ÿ‡ฌ๐Ÿ‡ง185,408Milton Keynes
25%
๐Ÿ‡ฉ๐Ÿ‡ช110,714Recklinghausen
25%
๐Ÿ‡ณ๐Ÿ‡ฑ158,586Amersfoort
22%
๐Ÿ‡ง๐Ÿ‡ช122,547Anderlecht
22%
๐Ÿ‡ฌ๐Ÿ‡ง121,475Blackburn
22%
๐Ÿ‡ฌ๐Ÿ‡ง172,607Huddersfield
22%
๐Ÿ‡ฉ๐Ÿ‡ช152,731Neuss
22%
๐Ÿ‡ฉ๐Ÿ‡ช116,456Reutlingen
22%
๐Ÿ‡ฉ๐Ÿ‡ช103,694Salzgitter
22%
๐Ÿ‡ง๐Ÿ‡ช130,690Schaerbeek
22%
๐Ÿ‡ฉ๐Ÿ‡ช101,516Siegen
22%
๐Ÿ‡ฉ๐Ÿ‡ช158,957Solingen
22%
๐Ÿ‡ณ๐Ÿ‡ฑ130,645Zwolle
22%
๐Ÿ‡ณ๐Ÿ‡ฑ110,770Alkmaar
19%
๐Ÿ‡ณ๐Ÿ‡ฑ163,964Arnhem
19%
๐Ÿ‡ฎ๐Ÿ‡น107,025Bolzano
19%
๐Ÿ‡ฌ๐Ÿ‡ง140,027Colchester
19%
๐Ÿ‡ฉ๐Ÿ‡ช100,319Hildesheim
19%
๐Ÿ‡ฌ๐Ÿ‡ง120,425Maidstone
19%
๐Ÿ‡ฉ๐Ÿ‡ช111,770Remscheid
19%
๐Ÿ‡ฌ๐Ÿ‡ง164,793Slough
19%
๐Ÿ‡ฌ๐Ÿ‡ง192,923Swindon
19%
๐Ÿ‡ณ๐Ÿ‡ฑ104,533Delft
16%
๐Ÿ‡ฌ๐Ÿ‡ง117,254Doncaster
16%
๐Ÿ‡ฌ๐Ÿ‡ง114,603Eastbourne
16%
๐Ÿ‡ฌ๐Ÿ‡ง109,179Oldham
16%
๐Ÿ‡ฌ๐Ÿ‡ง100,095Preston
16%
๐Ÿ‡ฌ๐Ÿ‡ง142,084Watford
16%
๐Ÿ‡ณ๐Ÿ‡ฑ107,860Emmen
13%
๐Ÿ‡ณ๐Ÿ‡ฑ125,510Leeuwarden
13%
๐Ÿ‡ฌ๐Ÿ‡ง108,901Wakefield
13%
๐Ÿ‡ฌ๐Ÿ‡ง172,330Warrington
13%
๐Ÿ‡ฌ๐Ÿ‡ง115,319Worthing
13%
๐Ÿ‡ฌ๐Ÿ‡ง119,468Chelmsford
9%
๐Ÿ‡ฌ๐Ÿ‡ง116,819Cheltenham
9%
๐Ÿ‡ฉ๐Ÿ‡ช101,158Gรผtersloh
9%
๐Ÿ‡ฌ๐Ÿ‡ง114,511Rochdale
9%
๐Ÿ‡ฌ๐Ÿ‡ง111,158Rotherham
9%
๐Ÿ‡ฌ๐Ÿ‡ง107,673Wigan
9%
๐Ÿ‡ฌ๐Ÿ‡ง107,493Woking
9%
๐Ÿ‡ณ๐Ÿ‡ด128,982Baerum
6%
๐Ÿ‡ฌ๐Ÿ‡ง145,879Birkenhead
6%
๐Ÿ‡ฌ๐Ÿ‡ง111,983Crawley
6%
๐Ÿ‡ฌ๐Ÿ‡ง122,239Gateshead
6%
๐Ÿ‡ณ๐Ÿ‡ฑ159,334Haarlemmermeer
6%
๐Ÿ‡ฌ๐Ÿ‡ง138,025Sale
6%
๐Ÿ‡ฌ๐Ÿ‡ง125,983Salford
6%
๐Ÿ‡ฌ๐Ÿ‡ง112,284Stockport
6%
๐Ÿ‡ณ๐Ÿ‡ฑ102,128Venlo
6%
๐Ÿ‡ณ๐Ÿ‡ฑ157,131Zaanstad
6%
๐Ÿ‡ณ๐Ÿ‡ฑ125,754Zoetermeer
6%
๐Ÿ‡ฌ๐Ÿ‡ง108,785Gillingham
3%
๐Ÿ‡ฌ๐Ÿ‡ง123,317High Wycombe
3%
๐Ÿ‡ฌ๐Ÿ‡ง128,342Solihull
3%
๐Ÿ‡ฌ๐Ÿ‡ง105,454St Helens
3%
๐Ÿ‡ฌ๐Ÿ‡ง153,143Telford
3%
๐Ÿ‡ณ๐Ÿ‡ฑ112,905Alphen
0%
๐Ÿ‡ฌ๐Ÿ‡ง118,145Basildon
0%
๐Ÿ‡ฌ๐Ÿ‡ง115,111Basingstoke
0%
๐Ÿ‡ณ๐Ÿ‡ฑ101,415Deventer
0%
๐Ÿ‡ณ๐Ÿ‡ฑ119,997Ede
0%
๐Ÿ‡ฌ๐Ÿ‡ง103,458Hemel Hempstead
0%
๐Ÿ‡ฌ๐Ÿ‡ง107,108Sutton Coldfield
0%
๐Ÿ‡ณ๐Ÿ‡ฑ112,487Westland
0%

Score Distribution

Percentile by Number Answered

Percent of People with Each Score

Your Score History

You have not taken this quiz